Notas de Población /
Guardat en:
| Autor corporatiu: | |
|---|---|
| Format: | Llibre |
| Idioma: | Spanish |
| Publicat: |
Santiago, Chile:
CELADE -CEPAL,
|
| Matèries: | |
| Etiquetes: |
Afegir etiqueta
Sense etiquetes, Sigues el primer a etiquetar aquest registre!
|
MARC
| LEADER | 00000nam a22000007a 4500 | ||
|---|---|---|---|
| 003 | cru CIDCACS/IIS | ||
| 005 | 20170823133407.0 | ||
| 007 | ta | ||
| 008 | 170823t cl g||p|r|||| 00| 0 spa d | ||
| 999 | |c 40300 |d 40300 | ||
| 022 | |a 9789211219319 | ||
| 040 | |c cru CIDCACS/IIS | ||
| 090 | |a REV0691 | ||
| 110 | 2 | |9 5319 |a Centro Latinoamericano y Caribeño de Demografía (CELADE)-División de la CEPAL | |
| 245 | |a Notas de Población / |c CELADE-CEPAL | ||
| 260 | |a Santiago, Chile: |b CELADE -CEPAL, | ||
| 500 | |a EXISTENCIAS : 1973-1976 1-4 (1-12) 1977 5 (14-15) 1978-1993 6-21 (16-57) 1994 22 (59-60) 1995 23 (61-62*) 1996 24 (63-64) 1997 25 (65-66) 1998 26 (67-68) 2001 28 (72-73) 2002 29 (74-75) 2003 30 (76, 77 NUMERO ESPECIAL) 2005 31 (79) 2006 32 (80 Número especial, 81,82,83) 2007 34(84, 85) * Publicado en Pensamiento Iberoamericano nº 28, 1995 | ||
| 650 | 4 | |9 2602 |a POBLACION | |
| 650 | 4 | |9 3428 |a DEMOGRAFIA | |
| 650 | 1 | 0 | |9 299 |a MIGRACION |
| 650 | 1 | 0 | |9 4355 |a ASPECTOS ECONOMICOS |
| 650 | 1 | 0 | |9 632 |a ASPECTOS SOCIALES |
| 651 | 1 | 0 | |9 17 |a AMERICA LATINA |
| 942 | |2 ddc |c PP | ||
